000 00662nmm a2200193Ia 4500
008 251105s9999||||xx |||||||||||||||||und||
020 _a9788498952155
041 _aspa
100 _aVelázquez García, Sara
245 0 _aPersonajes femeninos en tránsito :
_b Reescrituras de mitos y diásporas. Un acercamiento interdisciplinar
264 _a[Madrid, España] :
_bVisor Libros,
_c2019
300 _a262 páginas
490 _aBiblioteca Filológica Hispana
650 _aGender and Women Studies
700 _aVelázquez García, Sara
700 1 _a Bianchi, Mattia (coods.)
856 _uhttps://public.digitaliapublishing.com/a/77322
942 _cCF
999 _c72324
_d72324